000
00249nam a22001097a 4500
008
170120b xxu||||| |||| 00| 0 eng d
020
_a
28326
041
_a
eng
080
_a
618.2
245
_a
THE NURSE AS A CHANGE AGENT
_c
LANCASTER
942
_2
udc
_c
BK
999
_c
3290
_d
3290